| 000 | 00629nam a2200229Ia 4500 | ||
|---|---|---|---|
| 005 | 20250508154710.0 | ||
| 008 | 008 250505s9999 xx 000 0 eng d | ||
| 037 | _aTextual | ||
| 040 |
_aFEDL _beng _cFEDL |
||
| 041 |
_aeng _2eng |
||
| 084 |
_a152, BEA _qFEDL |
||
| 100 | _aBeardslee David C | ||
| 245 | 0 | _aReadings in perception | |
| 260 |
_aNew Jersey, USA _bD. Van Nostrand Company _c1958 |
||
| 300 | _axiii,751p. | ||
| 365 |
_aINR _b12 |
||
| 490 | _aUniversity in psychology | ||
| 650 | _aPerception | ||
| 700 |
_a Wertheimer Michael _9765888 |
||
| 942 |
_cTEXL _h152, BEA |
||
| 999 |
_c1351656 _d1351656 |
||